| 000 | 01330cam a22003015a 4500 | ||
|---|---|---|---|
| 001 | 16795750 | ||
| 005 | 20151203132403.0 | ||
| 008 | 110523s2012 enko frb 001 0 eng d | ||
| 020 | _a9780813820538 (pbk. : alk. paper) | ||
| 020 | _a0813820537 (pbk. : alk. paper) | ||
| 040 |
_aDNLM/DLC _cDLC _dDLC _beng _eEG-ScBUE |
||
| 082 | 0 | 4 |
_a636.089696 _222 _bZAJ |
| 100 | 1 |
_aZajac, A. _938825 |
|
| 245 | 1 | 0 |
_aVeterinary clinical parasitology / _cAnne M. Zajac, Gary A. Conboy. |
| 250 | _a8th ed. | ||
| 260 |
_aChichester : _bWiley-Blackwell, _c2012. |
||
| 300 |
_axi, 354 p. : _bphotographs (col.) ; _c25 cm. |
||
| 500 | _aIndex : p. 327-354. | ||
| 504 | _aBibliography : p. 325-326. | ||
| 505 | 0 | _aFecal examination for the diagnosis of parasitism -- Detection of protozoan and helminth parasites in the urinary, reproductive, and integumentary systems -- Detection of parasites in the blood -- Immunodiagnostic and molecular diagnostic tests in veterinary parasitology -- Diagnosis of arthropod parasites -- Parasites of fish. | |
| 650 | 0 |
_aVeterinary clinical parasitology. _2BUEsh |
|
| 650 | 1 | 2 |
_aParasitic Diseases, Animal _vLaboratory Manuals. _2BUEsh |
| 650 | 2 | 2 |
_aParasitology _vLaboratory Manuals. _2BUEsh |
| 651 | _2BUEsh | ||
| 653 |
_bPPhrm _cAugust2015 _cDecember2015 |
||
| 700 | 1 | _aConboy, Gary A. | |
| 942 | _2ddc | ||
| 999 |
_c20722 _d20694 |
||